000 00561nam a2200193Ia 4500
003 GCL
008 140319s9999 xx 000 0 ara d
040 _aGCL /
_cGCL
082 0 4 _a953.03
_bح ش
100 1 _aحسين احمد عطوان
245 1 0 _aالشورى فى العصر الاموى /
_cحسين احمد عطوان
260 _a[S.N] :
_bدار الجيل ،
_c1990
300 _a488 ص
490 _a
650 0 4 _aالتاريخ الاسلامى
650 0 4 _aالدولة الاموية
650 0 4 _aالامويون
942 _2ddc
_cBK
999 _c55371
_d55371